000 00703nam a2200289Ia 4500
005 20260324141421.0
008 008 260324s9999 xx 000 0 eng d
020 _a9780429422683
037 _aEBOOK
040 _aCRL
040 _beng
040 _cCRL
041 _2eng
041 _aeng
084 _qCRL
100 _aEvandro Camara
_91208109
245 4 _aThe Cultural One or the Racial Many
245 0 _bReligion, Culture and the Interethnic Experience
260 _bTaylor and Francis
260 _c1997
365 _a
365 _b135
856 _uhttp://www.taylorfrancis.com/books/9780429422683
942 _cEBOOK
999 _c1811187
_d1811187